Appreciating the Complexity of Local Gender-Based Violence Needs Assessments: Some Key Considerations and Tensions in Context

Needs assessments can be a pragmatic method to shape interventions addressing gender-based violence. They are complex endeavors even—or especially—at the local level (e.g., rape crisis centers, domestic violence shelters). Focusing on the US context, we highlight examples of the ways needs assessmen...

Descripción completa

Guardado en:  
Detalles Bibliográficos
Autores principales: Rieger, Agnes (Autor) ; Watkins, Dora N. (Autor) ; Garthe, Rachel C. (Autor)
Tipo de documento: Electrónico Artículo
Lenguaje:Inglés
Publicado: 2026
En: Violence against women
Año: 2026, Volumen: 32, Número: 1, Páginas: 189-214
Acceso en línea: Volltext (lizenzpflichtig)
Verificar disponibilidad: HBZ Gateway
Palabras clave:

MARC

LEADER 00000naa a22000002c 4500
001 1947562312
003 DE-627
005 20251224054921.0
007 cr uuu---uuuuu
008 251224s2026 xx |||||o 00| ||eng c
024 7 |a 10.1177/10778012241303472  |2 doi 
035 |a (DE-627)1947562312 
035 |a (DE-599)KXP1947562312 
040 |a DE-627  |b ger  |c DE-627  |e rda 
041 |a eng 
084 |a 2,1  |2 ssgn 
100 1 |a Rieger, Agnes  |e VerfasserIn  |0 (orcid)0000-0002-5233-4227  |4 aut 
245 1 0 |a Appreciating the Complexity of Local Gender-Based Violence Needs Assessments: Some Key Considerations and Tensions in Context 
264 1 |c 2026 
336 |a Text  |b txt  |2 rdacontent 
337 |a Computermedien  |b c  |2 rdamedia 
338 |a Online-Ressource  |b cr  |2 rdacarrier 
520 |a Needs assessments can be a pragmatic method to shape interventions addressing gender-based violence. They are complex endeavors even—or especially—at the local level (e.g., rape crisis centers, domestic violence shelters). Focusing on the US context, we highlight examples of the ways needs assessments can support the gender-based violence movement, and key tensions and considerations within needs assessment practice. We explore decisions that practitioners make when pursuing needs assessments and highlight conceptual and design considerations. We also provide a general discussion of needs assessment approaches. This paper aims to support nascent practitioner and researcher/evaluator work in gender-based violence needs assessments. 
650 4 |a Prevention 
650 4 |a Domestic Violence 
650 4 |a Sexual Violence 
650 4 |a gender-based violence 
650 4 |a needs assessment 
700 1 |a Watkins, Dora N.  |e VerfasserIn  |4 aut 
700 1 |a Garthe, Rachel C.  |e VerfasserIn  |0 (orcid)0000-0002-4954-0484  |4 aut 
773 0 8 |i Enthalten in  |t Violence against women  |d London [u.a.] : Sage, 1995  |g 32(2026), 1, Seite 189-214  |h Online-Ressource  |w (DE-627)324827695  |w (DE-600)2031375-5  |w (DE-576)27681732X  |x 1552-8448  |7 nnas 
773 1 8 |g volume:32  |g year:2026  |g number:1  |g pages:189-214 
856 4 0 |u https://doi.org/10.1177/10778012241303472  |x Resolving-System  |z lizenzpflichtig  |3 Volltext  |7 1 
935 |a mkri 
951 |a AR 
ELC |a 1 
LOK |0 000 xxxxxcx a22 zn 4500 
LOK |0 001 4832628399 
LOK |0 003 DE-627 
LOK |0 004 1947562312 
LOK |0 005 20251224043603 
LOK |0 008 251224||||||||||||||||ger||||||| 
LOK |0 035   |a (DE-2619)KrimDok#2025-12-23#48A9806A529E084B31C57A1C8C140525F51F294F 
LOK |0 040   |a DE-2619  |c DE-627  |d DE-2619 
LOK |0 092   |o n 
LOK |0 852   |a DE-2619 
LOK |0 852 1  |9 00 
LOK |0 935   |a zota 
LOK |0 939   |a 24-12-25  |b l01 
ORI |a SA-MARC-krimdoka001.raw